Villes les plus peuplées du monde commençant par K - Statistiques

Statistiques générales
  • Ce quiz a été pris 140 fois
  • Le résultat moyen est 7 sur 10
Statistiques - réponses
Pays Villes % Correct
Ukraine Kiev
99%
Afghanistan Kaboul
95%
Koweït Koweït
95%
RD Congo Kinshasa
94%
Malaisie Kuala Lumpur
88%
Soudan Khartoum
86%
Ouganda Kampala
72%
Pakistan Karachi
70%
Nigéria Kano
39%
Chine Kunming
11%
Aucun quiz correspondant
Distribution des résultats
% des personnes avec chaque résultat
Percentile par nombre de réponses
Votre historique - résultats
Vous n’avez pas pris ce quiz